000 01007nam a22003017a 4500
001 9771
003 FISKH
005 20260213115940.0
008 260213b cb ||||| |||| 00| 0 eng d
020 _a9780439193832
040 _aFISKH
_beng
_cFISKH
_dFISKH
050 _aQH86 .B397
082 _a578.734
100 _aBerger , Melvin
245 _aDoes it always rain in the rain forest? :
_bQuestions and answers about tropical rain forests /
_cMelvin and Gilda Berger : Illustrated by Michael Rothman
250 _aFirst trade printing , April 2002
260 _aNew York :
_bScholastic ,
_c2001 .
300 _a48 pages :
_bcolor illustrations ;
_c20 X 25 cm .
490 _aScholastic Question & Answer
505 _aU
521 8 _a850
_bLexile IG
521 8 _aU
_bRaz-Plus
650 _aRain forests
_vJuvenile Literature
650 _aQuestions and answers
_vJuvenile Literature
700 _aRothman , Michael
_eIllustrator
942 _2ddc
_cBK
_n0
999 _c9771
_d9771